| 000 | 00529 a2200193 4500 | ||
|---|---|---|---|
| 003 | NUST | ||
| 005 | 20220112144556.0 | ||
| 008 | 210302b ||||| |||| 00| 0 eng d | ||
| 020 | _a047133328-X | ||
| 038 | _akhadija | ||
| 082 |
_a510.2462 _bKRE _2KRE |
||
| 100 | 1 |
_aKreyszig, Erwin. _9572 |
|
| 245 | 1 | 0 |
_aAdvanced engineering mathematics / _cErwin Kreyszig. |
| 250 | _a8th Edition | ||
| 260 |
_a[S.l.] : _bJohn Wiley & Sons _c1999. |
||
| 300 |
_a1156 p. ; _c26 cm. |
||
| 563 | _apaperback | ||
| 942 |
_aSNS _cBK _k620.0042 KRE _2ddc |
||
| 999 |
_c31526 _d31526 |
||